Statistics for What do you know about the People's Republic of Poland

Click here to take the quiz!

General Stats

  • This quiz has been taken 7 times
  • The average score is 6 of 13

Answer Stats

HintAnswer% Correct
The number of neigboring countries3
86%
He became the world's most famous opposition leaderLech Wałęsa
71%
The most important country for the People's Republic of PolandSoviet Union
71%
The military pact that brought together the Eastern Bloc countriesWarsaw Pact
71%
The southern neighbor of PolandCzechoslovakia
57%
The western neighbor of PolandEast Germany
57%
He started martial law in 1981Wojciech Jaruzelski
57%
Largest opposition movement in the Eastern BlocSolidarity
43%
The author of a book "Solaris"Stanisław Lem
29%
He was the first and last president of communist PolandBolesław Bierut
14%
First Secretary of the Polish United Workers' Party from 1971 to 1980Edward Gierek
14%
the Marshall of Poland and the Soviet UnionKonstantin Rokossovsky
14%
Name at least one region that Poland regained after World War IIPomerania, Silesia, Warmia, Mazury
14%

Score Distribution

Percentile by Number Answered

Percent of People with Each Score

Your Score History

You have not taken this quiz